Icelandic Geography Quiz - Statistics

General Stats
  • This quiz has been taken 15 times
  • The average score is 4 of 10
Answer Stats
Hint Answer % Correct
The most visited geothermal hot spring in Iceland The Blue Lagoon
77%
This waterfall is the northernmost major attraction of the Golden Circle Gullfoss
69%
The famous glacial lake with floating icebergs and where many films take place Jökulsárlón
54%
The peninsula that the Keflavik Airport is on Reykjanes
54%
This island is the only part of Iceland north of the arctic circle Grímsey
46%
The second-largest national park in Europe Vatnajökull
46%
The name of Route 1 The Ring Road
38%
The most visited national park in Iceland Þingvellir
31%
The biggest waterfall in Iceland by volume and power Dettifoss
8%
The famous nature preserve just north of the town of Vik Þórsmörk
0%
No matching quizzes found
Score Distribution
Percent of People with Each Score
Percentile by Number Answered
Your Score History
You have not taken this quiz